National Car Parks Ltd v Baird (VO) and Woolway (VO) (Record no. 74001)
[ view plain ]
| 000 -LEADER | |
|---|---|
| fixed length control field | 01713cam a2200289 4500 |
| 001 - CONTROL NUMBER | |
| control field | ABS67378 |
| 008 - FIXED-LENGTH DATA ELEMENTS--GENERAL INFORMATION | |
| fixed length control field | 031223n2003 000 0 eng u |
| 035 ## - SYSTEM CONTROL NUMBER | |
| System control number | (Sirsi) u124690 |
| 245 ## - TITLE STATEMENT | |
| Title | National Car Parks Ltd v Baird (VO) and Woolway (VO) |
| 260 ## - PUBLICATION, DISTRIBUTION, ETC. | |
| Date of publication, distribution, etc. | 2003 |
| 490 ## - SERIES STATEMENT | |
| Series statement | Rating Appeals |
| Volume/sequential designation | [2003] RA 289-317(15) |
| 520 ## - SUMMARY, ETC. | |
| Summary, etc. | RA/232/1996, 10 September 2003. Two appeals against decisions by valuation tribunals to determine the effective date of alterations to the 1990 rating list in relation to car parks owned by the appellant (N) in Manchester and London. N contended that the alterations should take effect from 1 April 1992 whereas B and W maintained that the effective date should be 1 April 1990. "Held": that in accordance with the Non Domestic Rating (Alteration of Lists and Appeals) (Amendment) Regulations 1994 which came into effect on 9 July 1994, whenever a valuation officer made an alteration to correct an inaccuracy in the 1990 list, the alteration had effect from 1 April 1990. Appeal dismissed. View decision at www.bailii.org |
| 590 ## - LOCAL NOTE (RLIN) | |
| Local note | ABS |
| 650 ## - SUBJECT ADDED ENTRY--TOPICAL TERM | |
| Topical term or geographic name entry element | NATIONAL CAR PARKS LTD V BAIRD (VO) AND ANOTHER |
| 650 ## - SUBJECT ADDED ENTRY--TOPICAL TERM | |
| Topical term or geographic name entry element | NATIONAL CAR PARKS LTD V WOOLWAY (VO) |
| 650 ## - SUBJECT ADDED ENTRY--TOPICAL TERM | |
| Topical term or geographic name entry element | CAR PARKS |
| 650 ## - SUBJECT ADDED ENTRY--TOPICAL TERM | |
| Topical term or geographic name entry element | RATEABLE VALUE |
| 650 ## - SUBJECT ADDED ENTRY--TOPICAL TERM | |
| Topical term or geographic name entry element | RATING APPEALS |
| 650 ## - SUBJECT ADDED ENTRY--TOPICAL TERM | |
| Topical term or geographic name entry element | EFFECTIVE DATE |
| 650 ## - SUBJECT ADDED ENTRY--TOPICAL TERM | |
| Topical term or geographic name entry element | NON DOMESTIC RATING (ALTERATION OF LISTS AND APPEALS) REGULATIONS 1993 |
| 650 ## - SUBJECT ADDED ENTRY--TOPICAL TERM | |
| Topical term or geographic name entry element | NON-DOMESTIC RATING (ALTERATIONS AND APPEALS) REGULATIONS 1993 |
| 650 ## - SUBJECT ADDED ENTRY--TOPICAL TERM | |
| Topical term or geographic name entry element | RATING LIST |
| 650 ## - SUBJECT ADDED ENTRY--TOPICAL TERM | |
| Topical term or geographic name entry element | ALTERATIONS |
| 690 ## - LOCAL SUBJECT ADDED ENTRY--TOPICAL TERM (OCLC, RLIN) | |
| Topical term or geographic name as entry element | RATING AND LOCAL TAXATION-CASE LAW |
| 856 ## - ELECTRONIC LOCATION AND ACCESS | |
| Uniform Resource Identifier | <a href="https://www.bailii.org/ew/cases/EWLands/2003/RA_232_1996.html ">https://www.bailii.org/ew/cases/EWLands/2003/RA_232_1996.html </a> |
| Public note | View decision on the bailii website |
| 942 ## - ADDED ENTRY ELEMENTS (KOHA) | |
| Suppress in OPAC | 0 |
| Source of classification or shelving scheme | Dewey Decimal Classification |
| Withdrawn status | Lost status | Source of classification or shelving scheme | Damaged status | Not for loan | Home library | Current library | Shelving location | Date acquired | Total Checkouts | Full call number | Barcode | Date last seen | Copy number | Price effective from | Koha item type |
|---|---|---|---|---|---|---|---|---|---|---|---|---|---|---|---|
| Dewey Decimal Classification | London | London | Journal article | 23/12/2003 | ABS67378 | 124690-1001 | 06/08/2019 | 1 | 06/08/2019 | Law report |